| 000 | 00794nam a22002417a 4500 | ||
|---|---|---|---|
| 005 | 20170124110115.0 | ||
| 010 | _a044992 | ||
| 020 | _c00.00 | ||
| 035 | _a044992 | ||
| 037 | _bCen Lib/Ret | ||
| 040 |
_aDPL _bEN |
||
| 082 |
_a966 _bNEW |
||
| 245 |
_aThe new West Africa : _cby F.Le Gros Clark...[et al.]; edited by Basil Davidson [and] Adenekan Ademola _bproblems of independence / |
||
| 260 |
_bGeorge Allen & Unwin Ltd _c1953 _aLondon |
||
| 270 | _aRuskin House Museum Street | ||
| 300 |
_a181p. _c20cm(Hb) |
||
| 650 |
_aNationalism -- Africa, West _931250 |
||
| 650 |
_aAfrica, West -- Economic conditions _931251 |
||
| 700 |
_aDavidson, Basil _929543 |
||
| 700 |
_a Clark, F.Le Gros _929953 |
||
| 700 |
_aAdemola, Adenekan _929950 |
||
| 942 |
_2ddc _cEN _h966 _mNEW |
||
| 999 |
_c130725 _d130725 |
||